000 00973nam a2200241 a 4500
001 000019573
005 20200929170049.0
008 100630s1973 ag 001 0 spa d
040 _aDO-SdBNP
_bspa
_cBNPHU
041 1 7 _aspa
_heng
_2Código de idioma MARC
082 _annnn
_bB886p
100 1 _aBrubaker, Sterling,
_941990
240 1 0 _aTo live on earth. Man and his environment in perspective.
_lEspañol.
245 1 0 _aPara vivir en la tierra :
_bequilibrio demográfico - recursos para el futuro /
_cSterling Brubaker ; traducción de Francisco J. Perea.
260 _aArgentina :
_bPax ;
_bMéxico :
_bLibrería Carlos Césarman,
_c1973.
300 _a290 p. ;
_c21 cm.
490 1 _aEcológica
534 _pTítulo original en inglés:
_tTo live on earth. Man and his environment in perspective.
_cWashington : Reservas para el futuro.
500 _aIncluye índice
700 1 _aPerea, Francisco J.,
_etr.
_941991
830 0 _aEcológica
_941992
049 _aBNGR
999 _c19089
_d19089